LEADER 01149nam a2200253 i 4500 001 000000153518 003 CaOOAMICUS 005 20090324000000.0 008 090324s1965 it u000 u ita u 013 $a130861 040 $aSeMil$bita 100 1 $aCassa di Risparmio delle Province Lombarde .$0(OLS)http://semarc/name/2274 245 10$aAffreschi di Girolamo Romanino /$cCassa di Risparmio delle Province Lombarde ; testo di Gaetano Panazza. 260 $aMilano :$bCassa di Risparmio,$c1965. 300 $a250 p., [86] p. di tav. :$bill. ;$c37 cm. 500 $aContiene : Bibliografia essenziale ; Appendice. - In custodia. - Fondo Card. Giovanni Colombo. 650 4$aRomanino, Girolamo .$0(OLS)http://semarc/subject/30032 700 1 $aPanazza, Gaetano.$0(OLS)http://semarc/name/5398 850 $aSeMil 852 $aSeMil$W1$xVenegono$y1$m5U VII 17$j105453$B105453$CSeMilBibl$Z2$F140455 $8I 941 1 $a3 961 $aLascito: Colombo Card. Giovanni 996 $6245$aAffreschi di Girolamo Romanino$9(OLS)http://semarc/title/224657 996 $6260$aMilano :$bCassa di Risparmio$9(OLS)http://semarc/publisher/44417 LEADER 00942nam a2200229 i 4500 001 000000185288 003 CaOOAMICUS 005 20100201000000.0 008 100201s1965 it u000 u fre u 013 $a163286 040 $aSeMil$bita 100 1 $aAubert, Roger,$d<1914-2009>.$0(OLS)http://semarc/name/441 245 10$aEssais sur la liberté religieuse /$cRoger Aubert ... [et al.]. 260 $aParis :$bLibrairie Arthème Fayard,$c1965. 300 $a216 p. ;$c20 cm. 490 0 $aRecherches et debats ;$v50. 650 4$aLibertà religiosa.$0(OLS)http://semarc/subject/6329 830 0$aRecherches et débats ;$v50.$0(OLS)http://semarc/title/15096 850 $aSeMil 852 $aSeMil$W1$xVenegono$y1$m3F II 117$j135979$B135979$CSeMilBibl$Z2$F147541 $81 996 $6245$aEssais sur la liberté religieuse$9(OLS)http://semarc/title/266223 996 $6260$aParis :$bLibrairie Arthème Fayard$9(OLS)http://semarc/publisher/34003